01528cam a2200301 a 45000010009000000050017000090080041000260100017000670200039000840400022001230420008001450430012001530500024001650820016001891000033002052450075002382600047003133000041003605040051004015050424004526500061008766500042009376500039009796510056010186510037010746510032011118560083011431494744020170105102913.0070730s2008 nyuab b 001 0 eng c a 2007031125 a9780801446184 (cloth : alk. paper) aNIC/DLCcDLCdDLC apcc aa-af---00aDS371.2b.S535 200800a958.1042221 aSinno, Abdulkader H.,d1971-10aOrganizations at war in Afghanistan and beyond /cAbdulkader H. Sinno. aIthaca :bCornell University Press,c2008. axiii, 336 p. :bill., maps ;c24 cm. aIncludes bibliographical references and index.0 aOrganizing to win -- Organization and the outcome of conflicts -- Advantages and limitations of structures -- The gist of the organizational theory -- The Soviet withdrawal from Afghanistan -- Resilience through division, 1979-1989 -- The cost of the failure to restructure, 1989-1994 -- The rise of the Taliban, 1994-2001 -- Afghan conflicts under U.S. occupation, 2001 -- The organizational theory beyond Afghanistan. 0aLow-intensity conflicts (Military science)zAfghanistan. 0aOrganizational behaviorzAfghanistan. 0aIntergroup relationszAfghanistan. 0aAfghanistanxHistoryySoviet occupation, 1979-1989. 0aAfghanistanxHistoryy1989-2001. 0aAfghanistanxHistoryy2001-413Table of contents onlyuhttp://www.loc.gov/catdir/toc/ecip0724/2007031125.html